000 00441nam a2200169Ia 4500
005 20240807060258.0
008 240331s9999 xx 000 0 und d
020 _a0521578493
082 _bROS
_a393.9
100 _aRose, G
245 0 _aMourning becomes the law :
_bphilosophy and representation
260 _aCambridge
_bCambridge University press
_c1996
300 _avii,163 p .,
650 _aPhilosophy
650 _aLaw
942 _cL
999 _c2983
_d2983